[Event "Vilafranca del Penedes op 13th"]
[Site "Vilafranca del Penedes"]
[Date "2019.06.07"]
[Round "9"]
[White "Junyent Llobet, Joaquim"]
[Black "Madria Garriga, Vidal"]
[Result "1-0"]
[WhiteElo "2061"]
[BlackElo "1980"]
[PlyCount "69"]
[EventDate "2019.03.29"]
[EventType "swiss"]
[EventRounds "9"]
[EventCountry "ESP"]
[SourceTitle "EXT 2020"]
[Source "ChessBase"]
[SourceDate "2019.10.17"]
[SourceVersion "1"]
[SourceVersionDate "2019.10.17"]
[SourceQuality "1"]

1. d4 Nf6 2. Bf4 d5 3. Nf3 c5 4. e3 Nc6 5. c3 cxd4 6. exd4 Bf5 7. Nbd2 e6 8. h3 Bd6 9. Ne5 h6 10. Bb5 Rc8 11. 0-0 0-0 12. Re1 a6 13. Bf1 b5 14. a3 Na5 15. Qf3 Nc4 16. b3 Nxd2 17. Bxd2 Ne4 18. Rad1 Qc7 19. c4 Nxd2 20. Rxd2 Be4 21. Qh5 bxc4 22. bxc4 Bxa3 23. Ra2 Bb4 24. Re3 a5 25. Rg3 Kh7 26. f3 Bf5 27. cxd5 g6 28. Qh4 Be1 29. f4 exd5 30. Nf3 Bxg3 31. Qxg3 Qc3 32. Ba6 Rb8 33. Ng5+ hxg5 34. Qxc3 Rb1+ 35. Kh2 1-0

[Event "Vilafranca del Penedes op 13th"]
[Site "Vilafranca del Penedes"]
[Date "2019.05.03"]
[Round "4"]
[White "Junyent Llobet, Joaquim"]
[Black "Gomez Navais, Marcal"]
[Result "0-1"]
[WhiteElo "2061"]
[BlackElo "1706"]
[PlyCount "58"]
[EventDate "2019.03.29"]
[EventType "swiss"]
[EventRounds "9"]
[EventCountry "ESP"]
[SourceTitle "CBM 190 Extra"]
[Source "ChessBase"]
[SourceDate "2019.07.15"]
[SourceVersion "1"]
[SourceVersionDate "2019.07.15"]
[SourceQuality "1"]

1. d4 Nf6 2. Bf4 c5 3. e3 Qb6 4. b3 Nc6 5. d5 Nb4 6. Bc4 e6 7. dxe6 fxe6 8. Nc3 d5 9. Nb5 Na6 10. Bd3 Bd7 11. a4 Rc8 12. a5 Qd8 13. Nxa7 Ra8 14. Nb5 c4 15. bxc4 Bxb5 16. cxb5 Bb4+ 17. Ke2 Nc5 18. a6 bxa6 19. bxa6 Nfe4 20. Bb5+ Kf7 21. Kf1 Nc3 22. Qd4 Nxb5 23. Qxb4 Qb6 24. Ra5 Rxa6 25. Rxb5 Ra1+ 26. Ke2 Qa6 27. Qxc5 Rc8 28. Qxc8 Qxc8 29. Kd2 Ra2 0-1

[Event "Moia op 7th"]
[Site "Moia"]
[Date "2018.09.14"]
[Round "1"]
[White "Bellpuig Mencos, Gerard"]
[Black "Junyent Llobet, Joaquim"]
[Result "0-1"]
[WhiteElo "1647"]
[BlackElo "2031"]
[PlyCount "86"]
[EventDate "2018.09.14"]
[EventType "swiss"]
[EventRounds "8"]
[EventCountry "ESP"]
[SourceTitle "CBM 189 Extra"]
[Source "ChessBase"]
[SourceDate "2019.06.03"]
[SourceVersion "1"]
[SourceVersionDate "2019.06.03"]
[SourceQuality "1"]

1. e4 c5 2. Nf3 d6 3. Bb5+ Nd7 4. a4 a6 5. Bc4 Ngf6 6. Qe2 Nb6 7. Bb3 Bg4 8. a5 Nbd7 9. Ng5 e6 10. f3 Bh5 11. c3 h6 12. Nh3 Be7 13. d4 0-0 14. Nf4 d5 15. e5 Ne4 16. Nxh5 Bh4+ 17. g3 Bg5 18. fxe4 Bxc1 19. h4 cxd4 20. cxd4 Qe7 21. 0-0 Qb4 22. Rxc1 Qxb3 23. exd5 g6 24. Ra3 Qxd5 25. Qg4 Qb5 26. Rf3 Rac8 27. Rcf1 Qe2 28. Nf4 Qe4 29. Rd3 Rc2 30. Rf2 Rc1+ 31. Rd1 Rxb1 32. Rxb1 Qxb1+ 33. Kh2 Qe4 34. Qd1 Rc8 35. d5 Nxe5 36. dxe6 fxe6 37. Re2 Nf3+ 38. Kh3 Qf5+ 39. Kg2 Nxh4+ 40. gxh4 Qg4+ 41. Kf1 Rf8 42. Ke1 Qxf4 43. Qb3 Qc1+ 0-1

[Event "Moia op 6th"]
[Site "Moia"]
[Date "2017.11.03"]
[Round "6"]
[White "Sola Lluch, Miquel"]
[Black "Junyent Llobet, Joaquim"]
[Result "1/2-1/2"]
[WhiteElo "1811"]
[BlackElo "2061"]
[PlyCount "90"]
[EventDate "2017.09.22"]
[EventType "swiss"]
[EventRounds "8"]
[EventCountry "ESP"]
[SourceTitle "CBM 189 Extra"]
[Source "ChessBase"]
[SourceDate "2019.06.03"]
[SourceVersion "1"]
[SourceVersionDate "2019.06.03"]
[SourceQuality "1"]

1. d4 Nf6 2. Nf3 c5 3. d5 e6 4. c4 d6 5. Nc3 Be7 6. e4 e5 7. Be2 0-0 8. 0-0 h6 9. Ne1 Nh7 10. Be3 f5 11. f3 Nd7 12. exf5 Rxf5 13. Nd3 Bg5 14. f4 exf4 15. Bg4 Rf8 16. Be6+ Kh8 17. Bxf4 Bxf4 18. Rxf4 Ndf6 19. Qe2 Ng5 20. Re1 Re8 21. Ref1 Bxe6 22. dxe6 Rxe6 23. Qf2 Qe8 24. Rh4 Nge4 25. Nxe4 Rxe4 26. Rxh6+ gxh6 27. Qxf6+ Kh7 28. Nf4 Re5 29. h4 Qg8 30. Qxd6 Rae8 31. Qd3+ Re4 32. Nd5 Kh8 33. Nf6 Rd4 34. Qxd4 cxd4 35. Nxg8 Kxg8 36. Rd1 Rd8 37. Kf2 Kf7 38. Kf3 Kf6 39. g4 Ke5 40. Re1+ Kd6 41. b4 Rf8+ 42. Kg3 b5 43. Rd1 Ke5 44. Re1+ Kd6 45. Rd1 Ke5 1/2-1/2

[Event "Moia op 6th"]
[Site "Moia"]
[Date "2017.10.20"]
[Round "4"]
[White "Vila Cairo, Gerard"]
[Black "Junyent Llobet, Joaquim"]
[Result "1-0"]
[WhiteElo "2052"]
[BlackElo "2061"]
[PlyCount "107"]
[EventDate "2017.09.22"]
[EventType "swiss"]
[EventRounds "8"]
[EventCountry "ESP"]
[SourceTitle "CBM 189 Extra"]
[Source "ChessBase"]
[SourceDate "2019.06.03"]
[SourceVersion "1"]
[SourceVersionDate "2019.06.03"]
[SourceQuality "1"]

1. e4 c5 2. a3 Nc6 3. b4 e6 4. b5 Ne5 5. c3 Qh4 6. Qc2 Nf6 7. d4 cxd4 8. cxd4 Ng6 9. Nc3 Nh5 10. g3 Qd8 11. h4 Nf6 12. h5 Ne7 13. Bd3 b6 14. f3 Bb7 15. Bf4 Rc8 16. Nge2 d6 17. Rc1 h6 18. Kf2 Neg8 19. Qa4 e5 20. Be3 Ra8 21. d5 Nd7 22. Na2 Nc5 23. Qd1 f5 24. Nb4 Nf6 25. Nc3 fxe4 26. Bxe4 Ncxe4+ 27. Nxe4 Be7 28. Nc6 Qd7 29. Kg2 0-0 30. Qd2 Rf7 31. Rc4 Raf8 32. Nf2 Qf5 33. g4 Qd7 34. Rh3 Bc8 35. Qd3 e4 36. Nxe4 Nxg4 37. fxg4 Qxg4+ 38. Rg3 Qxh5 39. Nxe7+ Rxe7 40. Rxc8 Qf5 41. Rxf8+ Qxf8 42. Bxh6 Qf5 43. Nf2 Qh5 44. Bxg7 Rxg7 45. Rxg7+ Kxg7 46. Qf3 Qh6 47. Ne4 Qc1 48. Qg4+ Kh6 49. Qe6+ Kg7 50. Qf6+ Kg8 51. Qg5+ Qxg5+ 52. Nxg5 Kg7 53. Kf3 Kf6 54. Kf4 1-0

[Event "Moia op 6th"]
[Site "Moia"]
[Date "2017.10.06"]
[Round "3"]
[White "Junyent Llobet, Joaquim"]
[Black "Graupera Fabregas, Jordi"]
[Result "1-0"]
[WhiteElo "2061"]
[BlackElo "1907"]
[PlyCount "51"]
[EventDate "2017.09.22"]
[EventType "swiss"]
[EventRounds "8"]
[EventCountry "ESP"]
[SourceTitle "CBM 189 Extra"]
[Source "ChessBase"]
[SourceDate "2019.06.03"]
[SourceVersion "1"]
[SourceVersionDate "2019.06.03"]
[SourceQuality "1"]

1. e4 d5 2. Nc3 d4 3. Nce2 c5 4. f4 Nc6 5. Nf3 g6 6. Ng3 Bg7 7. Bc4 Nh6 8. d3 0-0 9. 0-0 Na5 10. Bd5 e6 11. Bb3 Nxb3 12. axb3 b6 13. h3 Qc7 14. Bd2 a5 15. f5 Qxg3 16. Qc1 gxf5 17. Bxh6 fxe4 18. Bf4 Qg6 19. dxe4 Qxe4 20. Qd2 Bb7 21. Rae1 Qg6 22. Bd6 Rfe8 23. Ne5 Bxe5 24. Bxe5 f5 25. Rf4 Qg5 26. Rg4 1-0

[Event "Moia MC"]
[Site "Moia"]
[Date "2014.10.17"]
[Round "5"]
[White "Junyent Llobet, Joaquim"]
[Black "Coll Enriquez, Lluis"]
[Result "0-1"]
[WhiteElo "2083"]
[BlackElo "2193"]
[PlyCount "104"]
[EventDate "2014.09.19"]
[EventType "tourn"]
[EventRounds "9"]
[EventCountry "ESP"]
[SourceTitle "EXT 2016"]
[Source "ChessBase"]
[SourceDate "2015.10.08"]
[SourceVersion "1"]
[SourceVersionDate "2015.10.08"]
[SourceQuality "1"]

1. e4 e5 2. Nf3 Nc6 3. Bc4 Bc5 4. b4 Bxb4 5. c3 Ba5 6. Qb3 Qe7 7. d4 exd4 8. 0-0 Bb6 9. Bg5 Na5 10. Qd1 Qc5 11. Bxf7+ Kxf7 12. cxd4 Qd6 13. e5 Qb4 14. e6+ dxe6 15. Ne5+ Ke8 16. Qh5+ g6 17. Nxg6 hxg6 18. Qxh8 Qf8 19. Nc3 Ne7 20. Qh4 Nf5 21. Qe4 Qb4 22. Ne2 Bxd4 23. Be3 c5 24. Nxd4 cxd4 25. Rac1 Qd6 26. Bf4 Qd5 27. Qxd5 exd5 28. Rfe1+ Kf8 29. g4 Ng7 30. Rc7 Ne6 31. Bh6+ Kg8 32. Re7 Nc6 33. Re8+ Kh7 34. Bd2 Rb8 35. g5 Ng7 36. Rf8 Be6 37. Rxb8 Nxb8 38. Rb1 b6 39. Rc1 Nd7 40. Rc7 a5 41. Bf4 Kg8 42. Rc8+ Kf7 43. Rc7 Nf5 44. Rb7 d3 45. Kf1 Nd4 46. Ke1 Nf3+ 47. Kd1 d4 48. Rc7 Ke8 49. Bd6 Bxa2 50. Bf4 Bd5 51. Kc1 a4 52. Ra7 Bb3 0-1

[Event "Barcelona Tres Peons op-A 15th"]
[Site "Barcelona"]
[Date "2013.01.11"]
[Round "1"]
[White "Grifell Sola, Joan"]
[Black "Junyent Llobet, Joaquim"]
[Result "1-0"]
[WhiteElo "1894"]
[BlackElo "2098"]
[PlyCount "39"]
[EventDate "2013.01.11"]
[EventType "swiss"]
[EventRounds "9"]
[EventCountry "ESP"]
[SourceTitle "EXT 2014"]
[Source "ChessBase"]
[SourceDate "2013.11.20"]
[SourceVersion "1"]
[SourceVersionDate "2013.11.20"]
[SourceQuality "1"]

1. e4 c5 2. d4 cxd4 3. c3 dxc3 4. Nxc3 e6 5. Bf4 Qb6 6. Bc4 Nf6 7. Qe2 Bb4 8. Rc1 Qd4 9. Nf3 Qxe4 10. Be3 Nc6 11. 0-0 Bxc3 12. Rxc3 Nd5 13. Bxd5 Qxd5 14. Bc5 b6 15. Rd1 Ba6 16. Qc2 Qf5 17. Qd2 0-0-0 18. Be7 Kb7 19. Bxd8 Rxd8 20. Rxc6 1-0

[Event "Barcelona op rap"]
[Site "Barcelona"]
[Date "1996.12.14"]
[Round "3"]
[White "Ribera Sugranyes, Victor"]
[Black "Junyent Llobet, Joaquim"]
[Result "1-0"]
[WhiteElo "2105"]
[BlackElo "1950"]
[PlyCount "43"]
[EventDate "1996.12.??"]
[EventType "swiss (rapid)"]
[EventRounds "8"]
[EventCountry "ESP"]
[SourceTitle "EXT 2001"]
[Source "ChessBase"]
[SourceDate "2000.11.22"]
[SourceVersion "1"]
[SourceVersionDate "2000.11.22"]
[SourceQuality "1"]

1. c4 Nf6 2. Nc3 e6 3. e4 Bb4 4. e5 Bxc3 5. dxc3 Ne4 6. Qg4 f5 7. Qxg7 Rf8 8. Bh6 Qe7 9. Qxf8+ Qxf8 10. Bxf8 Kxf8 11. f3 Ng5 12. 0-0-0 Nc6 13. h4 Nf7 14. f4 d6 15. exd6 cxd6 16. Bd3 b6 17. Nf3 Ba6 18. b3 Bb7 19. Rhe1 Ke7 20. Ng5 Ncd8 21. Nxh7 Bxg2 22. Rg1 1-0

[Event "Manresa op"]
[Site "Manresa"]
[Date "1996.??.??"]
[Round "1"]
[White "Junyent Llobet, Joaquim"]
[Black "Ayas Fernandez, Antonio"]
[Result "0-1"]
[WhiteElo "1880"]
[BlackElo "2270"]
[PlyCount "38"]
[EventDate "1996.??.??"]
[EventType "swiss"]
[EventRounds "9"]
[EventCountry "ESP"]
[SourceTitle "EXT 1998"]
[Source "ChessBase"]
[SourceDate "1997.11.17"]
[SourceVersion "1"]
[SourceVersionDate "1997.11.17"]
[SourceQuality "1"]

1. e4 c5 2. Nf3 e6 3. d4 cxd4 4. Nxd4 Nf6 5. Nc3 Nc6 6. a3 Qc7 7. Be3 a6 8. Be2 Be7 9. 0-0 0-0 10. f4 d6 11. Kh1 Na5 12. Qd3 b5 13. Rad1 Nc4 14. Bc1 Nb6 15. Bf3 Bb7 16. e5 Nfd5 17. Be4 g6 18. Nxd5 exd5 19. exd6 dxe4 0-1